| 000 | 00844nam a22002657a 4500 | ||
|---|---|---|---|
| 001 | BR0003554 | ||
| 003 | BR-BrBNA | ||
| 005 | 20230928100731.0 | ||
| 007 | ta | ||
| 008 | 230509b bl.||||| |||| 00| 0 por d | ||
| 040 |
_aBR-BrBNA _bpor _cBiblioteca Nacional de Agricultura |
||
| 041 | _a(Por) | ||
| 072 | _aE40 | ||
| 090 | _ E40 BR0003554 | ||
| 110 | 1 |
_aOrganizacao das Cooperativas do Estado de Roraima, Boa Vista (Brasil) _97717 |
|
| 110 | 1 |
_aDepartamento Nacional de Cooperativismo, Brasilia, DF (Brasil) _93274 |
|
| 245 | 1 | _aCartilha do cooperativismo; manual de orientacao de contabilidade dentro da cooperativa e associacao | |
| 260 | 3 |
_aBoa Vista, RR (Brasil): _c[nd]. |
|
| 300 | _a14 p. | ||
| 650 | _aCooperativismo | ||
| 650 | _aAssociativismo | ||
| 650 | _aRoraima | ||
| 909 |
_a202309 _bLucia _c55 _dLucia Elande |
||
| 942 | _cBK | ||
| 999 |
_c62551 _d62551 |
||